|
|
|
|
| LEADER |
02674nam a2200661 a 4500 |
| 001 |
nkc20051500120 |
| 003 |
CZ PrNK |
| 005 |
20200525235020.0 |
| 007 |
ta |
| 008 |
050216s2005 xr e 001 1 cze |
| 015 |
|
|
|a cnb001500120
|
| 020 |
|
|
|a 80-246-0907-X
|q (brož.)
|
| 035 |
|
|
|a (OCoLC)85151464
|
| 040 |
|
|
|a ABA001
|b cze
|
| 041 |
1 |
|
|a cze
|h eng
|
| 043 |
|
|
|a e-gx---
|a e-fr---
|
| 045 |
|
|
|a y0y0
|
| 072 |
|
7 |
|a 14(100-15)"15/20"
|x Moderní západní filozofie
|2 Konspekt
|9 5
|
| 080 |
|
|
|a 101-051
|2 MRF
|
| 080 |
|
|
|a 32:1
|2 MRF
|
| 080 |
|
|
|a 930.1
|2 MRF
|
| 080 |
|
|
|a 323.28
|2 MRF
|
| 080 |
|
|
|a (430)
|2 MRF
|
| 080 |
|
|
|a (44)
|2 MRF
|
| 080 |
|
|
|a (047.53)
|2 MRF
|
| 100 |
1 |
|
|a Borradori, Giovanna,
|d 1963-
|7 mzk2006323076
|4 aut
|4 ivr
|
| 245 |
1 |
0 |
|a Filosofie v době teroru :
|b rozhovory s Jürgenem Habermasem a Jacquesem Derridou /
|c Giovanna Borradori ; [z anglického originálu ... přeložil a věcný rejstřík vytvořil Miroslav Petříček]
|
| 250 |
|
|
|a Vyd. 1.
|
| 260 |
|
|
|a Praha :
|b Karolinum,
|c 2005
|
| 300 |
|
|
|a 190 s. ;
|c 21 cm
|
| 504 |
|
|
|a Obsahuje bibliografické odkazy a rejstříky
|
| 550 |
|
|
|a Vydavatel: Univerzita Karlova v Praze
|
| 600 |
1 |
7 |
|a Habermas, Jürgen,
|d 1929-2026
|7 jn19990003036
|2 czenas
|
| 600 |
1 |
7 |
|a Derrida, Jacques,
|d 1930-2004
|7 jn19990001723
|2 czenas
|
| 648 |
|
7 |
|a 20.-21. století
|7 ch462155
|2 czenas
|
| 650 |
0 |
7 |
|a filozofové
|7 ph117191
|z Německo
|y 20.-21. století
|2 czenas
|
| 650 |
0 |
7 |
|a filozofové
|7 ph117191
|z Francie
|y 20.-21. století
|2 czenas
|
| 650 |
0 |
7 |
|a politická filozofie
|7 ph115786
|2 czenas
|
| 650 |
0 |
7 |
|a filozofie dějin
|7 ph120224
|2 czenas
|
| 650 |
0 |
7 |
|a terorismus
|7 ph116439
|2 czenas
|
| 650 |
0 |
9 |
|a philosophers
|z Germany
|y 20th-21st centuries
|2 eczenas
|
| 650 |
0 |
9 |
|a philosophers
|z France
|y 20th-21st centuries
|2 eczenas
|
| 650 |
0 |
9 |
|a political philosophy
|2 eczenas
|
| 650 |
0 |
9 |
|a philosophy of history
|2 eczenas
|
| 650 |
0 |
9 |
|a terrorism
|2 eczenas
|
| 655 |
|
7 |
|a rozhovory
|7 fd133303
|2 czenas
|
| 655 |
|
9 |
|a interviews
|2 eczenas
|
| 700 |
1 |
|
|a Habermas, Jürgen,
|d 1929-2026
|7 jn19990003036
|4 ive
|
| 700 |
1 |
|
|a Derrida, Jacques,
|d 1930-2004
|7 jn19990001723
|4 ive
|
| 710 |
2 |
|
|a Univerzita Karlova
|7 kn20010710036
|
| 765 |
0 |
|
|t Philosophy in a time of terror
|9 Česky
|
| 856 |
4 |
1 |
|u http://www.digitalniknihovna.cz/mzk/uuid/uuid:7e83e660-94e0-11ea-929f-005056827e52
|y Digitalizovaný dokument
|x NDK
|
| 910 |
2 |
|
|a BOA001
|b 2-1165.621
|
| 990 |
|
|
|a BK
|
| 995 |
|
|
|a 01
|
| 991 |
|
|
|b 200603
|c NOV
|
| 996 |
6 |
|
|b 2610273969
|c 2-1165.621
|l MZK
|r Sklad / do 1 hodiny
|n 2
|p p.v.
|w 000809298
|u 000010
|a 1
|e BOA001
|j MZK50
|s P
|
| 996 |
7 |
|
|b 2610275087
|c 2-1165.621
|l Vol.výběr
|r VV 0p
|n 34
|p kup
|h 101 BOR
|w 000809298
|u 000020
|a 0
|e BOA001
|j MZK50
|s A
|